[Event "32. Offene Senioren-LEM Sachsen-Anh. 65"]
[Site "Magdeburg, Germany"]
[Date "2024.07.07"]
[Round "7.6"]
[White "Krueger, Erich"]
[Black "Haase, Reinhard"]
[Result "0-1"]
[WhiteElo "2095"]
[BlackElo "2044"]
[PlyCount "112"]
[EventDate "2024.??.??"]

1. d4 d5 2. c4 e6 3. Nc3 c5 4. cxd5 cxd4 5. Qa4+ Bd7 6. Qxd4 exd5 7. Qxd5 Nf6
8. Qd1 Bc5 9. Nf3 O-O 10. e3 Nc6 11. Be2 Qe7 12. O-O Rfd8 13. a3 a5 14. Qc2
Rac8 15. Rd1 Ba7 16. Bd2 Ne5 17. Nxe5 Qxe5 18. Bf3 Bg4 19. Be1 Bb8 20. h3 Bxf3
21. Rxd8+ Rxd8 22. gxf3 Qh2+ 23. Kf1 Qxh3+ 24. Ke2 Qc8 25. Qb3 h5 26. Nb5 b6
27. Bc3 Nd5 28. Bd4 Qe6 29. Kf1 Re8 30. Qd1 Nf4 31. Rc1 Qh3+ 32. Ke1 Qg2 33.
Rc2 Ng6 34. Kd2 Qxf2+ 35. Kc1 Qh4 36. Bxb6 a4 37. Kb1 Be5 38. f4 Rb8 39. Rc6
Bf6 40. Qd6 Re8 41. Qd7 Re7 42. Qc8+ Kh7 43. Nd6 Qh1+ 44. Rc1 Qd5 45. Qc5 Qd3+
46. Rc2 Nxf4 47. Qf5+ Qxf5 48. Nxf5 Rb7 49. Bd4 Bxd4 50. Nxd4 Nd3 51. Rg2 Ne5
52. Rf2 g6 53. e4 Kh6 54. Rg2 h4 55. Ne2 g5 56. Nc3 h3 0-1

[Event "32. Offene Senioren-LEM Sachsen-Anh. 65"]
[Site "Magdeburg, Germany"]
[Date "2024.07.07"]
[Round "7.8"]
[White "Kolthoff, Siegmund"]
[Black "Cordes, Lothar"]
[Result "1-0"]
[WhiteElo "2090"]
[BlackElo "1858"]
[PlyCount "61"]
[EventDate "2024.??.??"]

1. d4 Nf6 2. c4 e6 3. g3 Bb4+ 4. Nd2 O-O 5. Bg2 d5 6. Ngf3 b6 7. cxd5 exd5 8.
O-O Re8 9. a3 Bd6 10. Nb1 Ne4 11. Re1 Nd7 12. Qb3 Ndf6 13. Bg5 h6 14. Bxf6 Nxf6
15. Nc3 Bb7 16. Nb5 c6 17. Nxd6 Qxd6 18. Rac1 Nd7 19. Qc2 Rac8 20. Bh3 Rc7 21.
b4 a5 22. bxa5 bxa5 23. Qc3 Nb6 24. Ne5 c5 25. e3 a4 26. dxc5 Qxe5 27. Qxe5
Rxe5 28. cxb6 Rc4 29. Bf1 Rc8 30. Rxc8+ Bxc8 31. Rc1 1-0

[Event "32. Offene Senioren-LEM Sachsen-Anh. 65"]
[Site "Magdeburg, Germany"]
[Date "2024.07.07"]
[Round "7.9"]
[White "Klettke, Wolfgang"]
[Black "Waagener, Ulrich"]
[Result "1/2-1/2"]
[WhiteElo "2008"]
[BlackElo "2080"]
[PlyCount "131"]
[EventDate "2024.??.??"]

1. e4 c5 2. c3 Qa5 3. Nf3 Nc6 4. Be2 Nf6 5. Qc2 d6 6. h3 e6 7. O-O Be7 8. Na3
O-O 9. Nc4 Qc7 10. d4 b5 11. Ne3 cxd4 12. cxd4 Qb6 13. d5 Ne5 14. dxe6 Bxe6 15.
Nf5 Bxf5 16. exf5 Rfc8 17. Qd1 h6 18. Be3 Qb7 19. Qb3 a6 20. Bd4 Nc4 21. Rac1
d5 22. Qd3 Ne4 23. b3 Ncd6 24. g4 Ne8 25. Kg2 Ba3 26. Rxc8 Rxc8 27. Nd2 Bc1 28.
Nf3 Nc5 29. Bxc5 Rxc5 30. Qd4 Rc2 31. Bd3 Bb2 32. Qe3 Rc8 33. Kg1 Bf6 34. h4 d4
35. Nxd4 Bxh4 36. Nf3 Bf6 37. Re1 Nd6 38. Qf4 Qb6 39. Rc1 Re8 40. Re1 Rxe1+ 41.
Nxe1 Qc5 42. Nf3 Qd5 43. Qe3 Bd8 44. Kg2 Kf8 45. Kg1 h5 46. gxh5 Nxf5 47. Qe4
Qxe4 48. Bxe4 Nd6 49. Bd3 Bb6 50. Kg2 Ke7 51. Ng5 Ne8 52. a4 bxa4 53. bxa4 a5
54. Bc4 Nd6 55. Bd3 f6 56. Nh3 Nb7 57. Nf4 Kd6 58. Kf3 Nc5 59. Bc2 Nd7 60. Nd3
Kd5 61. Nf4+ Ke5 62. Ne2 Nc5 63. Kg3 Kd5 64. Kf4 Nd7 65. Ng3 Bxf2 66. Nf5
1/2-1/2

[Event "32. Offene Senioren-LEM Sachsen-Anh. 65"]
[Site "Magdeburg, Germany"]
[Date "2024.07.07"]
[Round "7.12"]
[White "Hess, Juergen"]
[Black "Krueger, Wolfgang"]
[Result "1/2-1/2"]
[WhiteElo "1958"]
[BlackElo "2054"]
[PlyCount "118"]
[EventDate "2024.??.??"]

1. e4 c5 2. Nf3 Nc6 3. d4 cxd4 4. Nxd4 g6 5. c4 Bg7 6. Be3 Nf6 7. Nc3 O-O 8.
Be2 d6 9. f3 Nxd4 10. Bxd4 Be6 11. O-O Nd7 12. Bxg7 Kxg7 13. Qd4+ Kg8 14. Rfc1
Qb6 15. Nb5 Rfc8 16. a4 a5 17. Qxb6 Nxb6 18. b3 Nd7 19. Rc3 Nc5 20. Kf2 Bd7 21.
Nd4 Bc6 22. Re3 e5 23. Nb5 Bxb5 24. axb5 Ne6 25. Rd3 Nd4 26. Bd1 b6 27. Rd2 Kf8
28. Ke3 Ke7 29. Kd3 h5 30. Rda2 Rab8 31. Ra4 Ne6 32. R4a2 Rc7 33. g3 Rf8 34.
Rb2 f5 35. exf5 gxf5 36. b4 axb4 37. Rxb4 Rfc8 38. f4 e4+ 39. Ke3 Rxc4 40. Rxc4
Rxc4 41. Ra7+ Rc7 42. Ra6 Rb7 43. Ra8 d5 44. Bxh5 d4+ 45. Kd2 Rd7 46. Rh8 Rd5
47. Rh7+ Kd6 48. Bf7 e3+ 49. Kd1 d3 50. Rh6 e2+ 51. Kd2 Ke7 52. Bg8 Rd6 53.
Rxe6+ Rxe6 54. Bxe6 Kxe6 55. h3 Kd5 56. g4 fxg4 57. hxg4 Ke4 58. g5 Kf3 59. g6
Kf2 1/2-1/2

[Event "32. Offene Senioren-LEM Sachsen-Anh. 65"]
[Site "Magdeburg, Germany"]
[Date "2024.07.07"]
[Round "7.18"]
[White "Funke, Arnold"]
[Black "Waltenberger, Udo"]
[Result "1/2-1/2"]
[WhiteElo "1902"]
[BlackElo "1995"]
[PlyCount "57"]
[EventDate "2024.??.??"]

1. d4 Nf6 2. Nc3 d5 3. e4 dxe4 4. f3 exf3 5. Nxf3 g6 6. h3 Bg7 7. Bf4 O-O 8.
Qd2 Nd5 9. Bh6 Nxc3 10. bxc3 e6 11. Bd3 c5 12. h4 Bxh6 13. Qxh6 Qf6 14. h5 Qg7
15. Qf4 cxd4 16. O-O-O Nd7 17. cxd4 Nf6 18. hxg6 fxg6 19. Ne5 b6 20. Rh2 Bb7
21. Rdh1 Rae8 22. Qg5 Be4 23. Qe3 Bxd3 24. Qxd3 Re7 25. g4 Rc7 26. g5 Nh5 27.
Ng4 Kh8 28. Kb1 Rf5 29. Qe3 1/2-1/2

[Event "32. Offene Senioren-LEM Sachsen-Anh. 65+"]
[Site "Magdeburg"]
[Date "2024.07.07"]
[Round "7.31"]
[White "Reimann, Reinhold"]
[Black "Gagelmann, Andreas"]
[Result "0-1"]
[WhiteElo "1888"]
[BlackElo "1883"]
[PlyCount "102"]
[EventDate "2024.??.??"]
[WhiteTeam "Turn- u. Sportgemeinschaft Calbe"]
[BlackTeam "SV Freital"]

1. d4 Nf6 2. Nf3 g6 3. e3 Bg7 4. Bd3 d5 5. c3 Bg4 6. h3 Bxf3 7. Qxf3 Nbd7 8. e4
dxe4 9. Bxe4 Nxe4 10. Qxe4 c6 11. O-O O-O 12. Be3 e5 13. f4 exd4 14. Bxd4 Bxd4+
15. Qxd4 Nf6 16. Qf2 Ne4 17. Qf3 Re8 18. Kh2 Qb6 19. b3 Qc5 20. Rd1 f5 21. c4
Rad8 22. Rxd8 Rxd8 23. Nc3 Nd2 24. Qe2 Qd4 25. Qe5 Nf3+ 26. gxf3 Qf2+ 27. Kh1
Qxf3+ 28. Kg1 Qg3+ 29. Kf1 Qxh3+ 30. Kg1 Qg3+ 31. Kf1 Rd3 32. Qe8+ Kg7 33. Qe7+
Kh6 34. Qg5+ Qxg5 35. fxg5+ Kxg5 36. Ne2 Kg4 37. Kf2 Rf3+ 38. Kg2 g5 39. Rd1 f4
40. Rd7 Re3 41. Kf2 h5 42. Rxb7 h4 43. Rxa7 Rf3+ 44. Kg1 Rd3 45. Nxf4 Kxf4 46.
Rf7+ Kg3 47. Rf1 g4 48. c5 h3 49. Rb1 h2+ 50. Kh1 Kh3 51. b4 g3 0-1

[Event "32. Offene Senioren-LEM Sachsen-Anh. 65+"]
[Site "Magdeburg"]
[Date "2024.07.07"]
[Round "7.32"]
[White "Bausch, Jean"]
[Black "Zechel, Rolf-Rüdiger"]
[Result "1/2-1/2"]
[WhiteElo "1804"]
[BlackElo "1870"]
[PlyCount "32"]
[EventDate "2024.??.??"]
[WhiteTeam "Schachclub Unterhaching"]
[BlackTeam "SK Kaltenkirchen"]

1. c4 Nf6 2. Nf3 c5 3. g3 d6 4. Bg2 e6 5. O-O Be7 6. d3 O-O 7. Nc3 Nbd7 8. Bd2
a6 9. e3 Rb8 10. a4 b6 11. Qc2 Bb7 12. Rab1 Qc7 13. b3 Rfc8 14. Rbc1 Bc6 15.
Rfe1 Nf8 16. e4 N8d7 1/2-1/2

[Event "32. Offene Senioren-LEM Sachsen-Anh. 65+"]
[Site "Magdeburg"]
[Date "2024.07.07"]
[Round "7.33"]
[White "Schwarz, Hans"]
[Black "Conrad, Heidrun"]
[Result "1-0"]
[WhiteElo "1856"]
[BlackElo "1710"]
[PlyCount "96"]
[EventDate "2024.??.??"]
[WhiteTeam "SV Rochade Magdeburg"]
[BlackTeam "SF Turm 2000 Wahrburg"]

1. e4 e6 2. d4 d5 3. Nc3 Nf6 4. Bg5 Be7 5. e5 Nfd7 6. Bxe7 Qxe7 7. Nf3 a6 8.
Bd3 c5 9. dxc5 Nxc5 10. O-O Nc6 11. a3 Nxd3 12. Qxd3 O-O 13. Ne2 h6 14. Ng3 Bd7
15. Rfe1 Rac8 16. Rad1 Na5 17. Nd4 Nc4 18. Rb1 Qg5 19. Nf3 Qe7 20. Ne2 Bb5 21.
Qd4 Na5 22. Nc3 Bd7 23. Qd3 Rc7 24. Nd4 Rfc8 25. Nce2 Nc6 26. Nxc6 Rxc6 27. Nd4
Rc4 28. c3 Qg5 29. Re3 Qg6 30. Qd1 b5 31. Rc1 a5 32. b4 axb4 33. axb4 f6 34.
Rg3 Qe4 35. exf6 Qxd4 36. Rxg7+ Kf8 37. Qh5 Qxf6 38. Rxd7 R8c7 39. Rxc7 Rxc7
40. h3 d4 41. Qxb5 Rxc3 42. Ra1 Rc8 43. Qd3 Rd8 44. b5 e5 45. f3 Rc8 46. Qd2
Qb6 47. Ra6 Qxb5 48. Qxh6+ Ke7 1-0

[Event "32. Offene Senioren-LEM Sachsen-Anh. 65+"]
[Site "Magdeburg"]
[Date "2024.07.07"]
[Round "7.34"]
[White "Redeker, Frank"]
[Black "Pranner, Marion"]
[Result "0-1"]
[WhiteElo "1789"]
[BlackElo "2055"]
[PlyCount "36"]
[EventDate "2024.??.??"]
[WhiteTeam "Schachfreunde Brand 1981"]
[BlackTeam "VfB 07 Lettin"]

1. d4 d5 2. Nf3 Nf6 3. Bf4 e6 4. e3 Nbd7 5. Nbd2 Be7 6. Bd3 Nh5 7. Bg3 Nxg3 8.
hxg3 h6 9. Ne5 Nxe5 10. dxe5 c5 11. c3 Qb6 12. Rb1 Bd7 13. Qg4 O-O-O 14. Qxg7
Bg5 15. Qxf7 c4 16. Bc2 Bxe3 17. Qf3 Bxd2+ 18. Kxd2 Rdf8 0-1

[Event "32. Offene Senioren-LEM Sachsen-Anh. 65+"]
[Site "Magdeburg"]
[Date "2024.07.07"]
[Round "7.35"]
[White "Kalkmann, Hans"]
[Black "Wulff, Rüdiger"]
[Result "1/2-1/2"]
[WhiteElo "1910"]
[BlackElo "1731"]
[PlyCount "73"]
[EventDate "2024.??.??"]
[WhiteTeam "SC Springer St.Tönis 1949"]
[BlackTeam "Flechtinger Sportverein"]

1. f4 b6 2. Nf3 Bb7 3. e3 d5 4. Qe2 e6 5. b3 Ba6 6. d3 Qf6 7. Ne5 Bb4+ 8. c3
Bd6 9. Ng4 Qf5 10. Bb2 d4 11. cxd4 Bb4+ 12. Bc3 Bxc3+ 13. Nxc3 Ne7 14. Nf2 Nbc6
15. g3 Nb4 16. Qd2 c5 17. Bg2 Rd8 18. Be4 Qh5 19. dxc5 Qxc5 20. O-O Qd6 21.
Rfd1 f5 22. Bf3 O-O 23. d4 Rc8 24. a3 Nbd5 25. Nxd5 Nxd5 26. Bxd5 Qxd5 27. b4
Bb7 28. e4 fxe4 29. Qe3 Rc2 30. Re1 Rfc8 31. Qxe4 Qxe4 32. Nxe4 Bxe4 33. Rxe4
Rd2 34. Rae1 Rcc2 35. Rxe6 Rg2+ 36. Kh1 Rxh2+ 37. Kg1 1/2-1/2

[Event "32. Offene Senioren-LEM Sachsen-Anh. 65+"]
[Site "Magdeburg"]
[Date "2024.07.07"]
[Round "7.36"]
[White "Schulz, Hans-Werner"]
[Black "Möller, Peter"]
[Result "0-1"]
[WhiteElo "1896"]
[BlackElo "1712"]
[PlyCount "60"]
[EventDate "2024.??.??"]
[WhiteTeam "SV Eiche Reichenbrand"]
[BlackTeam "SC Mecklenburger Springer"]

1. d4 Nf6 2. Nf3 d5 3. g3 Bf5 4. Bg2 e6 5. O-O Bd6 6. c4 c6 7. c5 Bc7 8. Nc3
Nbd7 9. b3 e5 10. dxe5 Nxe5 11. Bb2 Qe7 12. Nd4 Bg6 13. b4 h6 14. Bc1 O-O 15.
Na4 Rfe8 16. Bd2 Rad8 17. Rc1 Nc4 18. Bc3 Be5 19. Re1 Ne4 20. e3 Qf6 21. Bxe4
Bxe4 22. f4 Bxd4 23. Bxd4 Qf5 24. g4 Qg6 25. Nc3 Nb2 26. Qe2 Nd3 27. Kf1 Qe6
28. f5 Qe7 29. Red1 Nxc1 30. Rxc1 Qh4 0-1

[Event "32. Offene Senioren-LEM Sachsen-Anh. 65+"]
[Site "Magdeburg"]
[Date "2024.07.07"]
[Round "7.37"]
[White "Bondick, Karl-Heinz"]
[Black "Sauter, Arthur"]
[Result "1-0"]
[WhiteElo "1887"]
[BlackElo "1690"]
[PlyCount "61"]
[EventDate "2024.??.??"]
[WhiteTeam "USC Magdeburg"]
[BlackTeam "SV Irxleben 1919"]

1. d4 c5 2. d5 g6 3. e4 Bg7 4. f4 d6 5. Nf3 Nf6 6. Nbd2 Qa5 7. c3 b5 8. Bd3 c4
9. Bc2 Ng4 10. Qe2 Qb6 11. Nf1 O-O 12. h3 Nf6 13. g4 e6 14. dxe6 fxe6 15. Ng3
d5 16. Be3 Qc6 17. Nd4 Qb7 18. e5 Ne8 19. O-O Nc6 20. b3 a5 21. bxc4 bxc4 22.
Rab1 Nxd4 23. Bxd4 Qe7 24. Qe3 Rf7 25. Ba4 Nc7 26. Bc5 Qh4 27. Kg2 Na6 28. Be8
Rb7 29. Bd6 Qd8 30. Bc6 Rxb1 31. Rxb1 1-0

[Event "32. Offene Senioren-LEM Sachsen-Anh. 65+"]
[Site "Magdeburg"]
[Date "2024.07.07"]
[Round "7.38"]
[White "Bernhardt, Eduard"]
[Black "Boldt, Heinrich"]
[Result "1/2-1/2"]
[WhiteElo "1717"]
[BlackElo "1866"]
[PlyCount "86"]
[EventDate "2024.??.??"]
[WhiteTeam "VfB Ottersleben"]
[BlackTeam "TSV Kareth-Lappersdorf"]

1. d4 d5 2. e4 dxe4 3. Nc3 g6 4. f3 exf3 5. Nxf3 Bg7 6. Be3 Nf6 7. Bc4 O-O 8.
h3 c6 9. Qd2 b5 10. Bd3 Nbd7 11. O-O Nb6 12. Bh6 Be6 13. Ne2 Nc4 14. Qc1 Qd5
15. Nf4 Bxh6 16. Nxd5 Bxc1 17. Nxe7+ Kg7 18. Rfxc1 Nxb2 19. Nxc6 Nxd3 20. cxd3
Bd5 21. Kf2 Bxc6 22. Rxc6 Rfc8 23. Rc5 Rxc5 24. dxc5 Nd5 25. a3 a5 26. d4 Kf6
27. Re1 Rb8 28. Re5 Ne7 29. Re3 Nd5 30. Re5 Ne7 31. Ke2 b4 32. axb4 axb4 33.
Nd2 Nc6 34. Re4 Kf5 35. g4+ Kf6 36. Nb3 Rd8 37. Kd3 h5 38. Kc4 hxg4 39. hxg4
Kg5 40. d5 f5 41. gxf5 Kxf5 42. Re2 Ne5+ 43. Kd4 Nc6+ 1/2-1/2

[Event "32. Offene Senioren-LEM Sachsen-Anh. 65+"]
[Site "Magdeburg"]
[Date "2024.07.07"]
[Round "7.39"]
[White "Weigelt, Joachim"]
[Black "Watermann, Bernd"]
[Result "1-0"]
[WhiteElo "1810"]
[BlackElo "1796"]
[PlyCount "105"]
[EventDate "2024.??.??"]
[WhiteTeam "VfB 07 Lettin"]
[BlackTeam "Sf Barsinghausen e.V."]

1. e4 e6 2. d4 d5 3. e5 c5 4. c3 Qb6 5. Nf3 Bd7 6. Be2 Bb5 7. O-O Bxe2 8. Qxe2
Nc6 9. Be3 cxd4 10. cxd4 Nge7 11. Nc3 Ng6 12. a3 Be7 13. b4 Rc8 14. Na4 Qc7 15.
Rac1 Qb8 16. Nc5 O-O 17. Nd7 Qa8 18. Nxf8 Rxf8 19. b5 Na5 20. a4 Nc4 21. Nd2
Nxd2 22. Qxd2 f6 23. f4 fxe5 24. fxe5 Nh4 25. Bg5 Bxg5 26. Qxg5 Nf5 27. Qd2 Qd8
28. g4 Nh4 29. Rxf8+ Qxf8 30. Qf2 Qd8 31. a5 h6 32. b6 axb6 33. axb6 Qg5 34.
Rc8+ Kh7 35. h3 h5 36. Qg3 hxg4 37. hxg4 Nf5 38. Qh3+ Kg6 39. Qh5+ Qxh5 40.
gxh5+ Kxh5 41. Rc7 Nxd4 42. Kf2 g5 43. Rxb7 Nc6 44. Rc7 Nd8 45. b7 Nxb7 46.
Rxb7 Kg6 47. Ke3 Kf5 48. Kd4 Kf4 49. Rf7+ Kg3 50. Rf6 g4 51. Rxe6 Kf2 52. Rg6
g3 53. Rxg3 1-0

[Event "32. Offene Senioren-LEM Sachsen-Anh. 65+"]
[Site "Magdeburg"]
[Date "2024.07.07"]
[Round "7.41"]
[White "Hülle, Gunter"]
[Black "Manthey, Wolfgang"]
[Result "1-0"]
[WhiteElo "1766"]
[BlackElo "1888"]
[PlyCount "89"]
[EventDate "2024.??.??"]
[WhiteTeam "SV Springer Leipzig"]
[BlackTeam "Helmstedter SV"]

1. b4 d5 2. Bb2 Bg4 3. d4 Nf6 4. h3 Bh5 5. Qd3 c6 6. a4 e6 7. b5 Bd6 8. Nd2 Bg6
9. Qb3 Qe7 10. e3 O-O 11. Ngf3 Rc8 12. Bd3 Bxd3 13. Qxd3 cxb5 14. axb5 Nbd7 15.
O-O Nb6 16. Ba3 Nc4 17. Bxd6 Qxd6 18. Nxc4 dxc4 19. Qa3 Qc7 20. Rfb1 Nd5 21. e4
Nb6 22. Qa5 a6 23. Qb4 axb5 24. Qxb5 Rxa1 25. Rxa1 Qc6 26. Qxc6 Rxc6 27. Rb1 f6
28. Rb5 Kf7 29. Nd2 Ke7 30. d5 exd5 31. exd5 c3 32. Ne4 Rc4 33. d6+ Kd7 34.
Rxb6 Rxe4 35. Rxb7+ Kxd6 36. Rb3 Rc4 37. Kf1 Ke5 38. f3 f5 39. Ke2 Kd4 40. Rb7
Ke5 41. Kd3 Rc6 42. Rxg7 Rg6 43. Rxg6 hxg6 44. g3 g5 45. Kxc3 1-0

[Event "32. Offene Senioren-LEM Sachsen-Anh. 65+"]
[Site "Magdeburg"]
[Date "2024.07.07"]
[Round "7.42"]
[White "Wolke, Reimund"]
[Black "Jacob, Barbara"]
[Result "1/2-1/2"]
[WhiteElo "1883"]
[BlackElo "1824"]
[PlyCount "86"]
[EventDate "2024.??.??"]
[WhiteTeam "Hamburger SK von 1830"]
[BlackTeam "Schachklub Ochtrup 61"]

1. e4 d6 2. d4 e6 3. Bd3 g6 4. Nf3 h6 5. Be3 Bg7 6. Nc3 Ne7 7. Qd2 b6 8. O-O
Bb7 9. Ne2 Nd7 10. c4 e5 11. d5 Nc5 12. Bc2 a5 13. Ng3 Bc8 14. h3 Bd7 15. b3
Qc8 16. Rfb1 f5 17. exf5 Nxf5 18. Nxf5 Bxf5 19. Re1 Bxc2 20. Qxc2 Qf5 21. Qxf5
gxf5 22. Rad1 Kd7 23. Nh4 Rhf8 24. g4 f4 25. Bc1 Bf6 26. Nf5 h5 27. f3 hxg4 28.
hxg4 Rh8 29. Kg2 Rh7 30. Rh1 Rah8 31. Rxh7+ Rxh7 32. Ba3 Na6 33. Rh1 Rxh1 34.
Kxh1 Ke8 35. Kg2 Kf7 36. Kf1 Kg6 37. Ke2 Kg5 38. Kd3 Nc5+ 39. Bxc5 bxc5 40. Ke4
Kg6 41. a3 Kg5 42. Kd3 Kg6 43. Ke4 Kg5 1/2-1/2

[Event "32. Offene Senioren-LEM Sachsen-Anh. 65+"]
[Site "Magdeburg"]
[Date "2024.07.07"]
[Round "7.43"]
[White "Dehning-Busse, Karsten"]
[Black "Reimers, Christine"]
[Result "1-0"]
[WhiteElo "1867"]
[BlackElo "1779"]
[PlyCount "21"]
[EventDate "2024.??.??"]
[WhiteTeam "Bremer SG von 1877"]
[BlackTeam "Itzehoer SV von 1923"]

1. d4 d6 2. e4 Nf6 3. Nc3 g6 4. Nf3 Bg7 5. Be2 O-O 6. O-O Nbd7 7. e5 dxe5 8.
dxe5 Ng4 9. e6 fxe6 10. Ng5 Nde5 11. Bxg4 1-0

[Event "32. Offene Senioren-LEM Sachsen-Anh. 65+"]
[Site "Magdeburg"]
[Date "2024.07.07"]
[Round "7.44"]
[White "Jürgens, Peter"]
[Black "Ogrisek, Gerd"]
[Result "1/2-1/2"]
[WhiteElo "1863"]
[BlackElo "1710"]
[PlyCount "39"]
[EventDate "2024.??.??"]
[WhiteTeam "SC Tempo Göttingen"]
[BlackTeam "SV Rochade Magdeburg"]

1. d4 d5 2. Nf3 e6 3. e3 c5 4. c3 Nc6 5. Bd3 c4 6. Bc2 Nf6 7. Nbd2 Bd6 8. O-O
O-O 9. e4 dxe4 10. Nxe4 Nxe4 11. Bxe4 f5 12. Bc2 Bd7 13. Re1 Qc7 14. g3 Rae8
15. d5 Ne5 16. Nxe5 Bxe5 17. f4 Bf6 18. dxe6 Bxe6 19. Be3 a6 20. Qf3 1/2-1/2

[Event "32. Offene Senioren-LEM Sachsen-Anh. 65+"]
[Site "Magdeburg"]
[Date "2024.07.07"]
[Round "7.46"]
[White "Hölzel, Gerhard"]
[Black "Grube, Kurt"]
[Result "1/2-1/2"]
[WhiteElo "1839"]
[BlackElo "1757"]
[PlyCount "55"]
[EventDate "2024.??.??"]
[WhiteTeam "Ahrensburger TSV"]
[BlackTeam "SG Osnabrück"]

1. f4 d5 2. e3 Nf6 3. Nf3 g6 4. Be2 Bg7 5. O-O O-O 6. d3 c5 7. c3 Nc6 8. Ne5 d4
9. cxd4 cxd4 10. Nxc6 bxc6 11. e4 e6 12. Nd2 Re8 13. b3 c5 14. Nc4 Ba6 15. Ne5
Nd7 16. Nf3 Nf6 17. Ne1 Bb7 18. Bf3 Rb8 19. Bb2 Rc8 20. Nc2 Qc7 21. g3 h5 22.
Na3 e5 23. fxe5 Qxe5 24. Nc4 Qc7 25. Bc1 Nd7 26. Bg2 Ne5 27. Bf4 Qe7 28. h3
1/2-1/2

[Event "32. Offene Senioren-LEM Sachsen-Anh. 65+"]
[Site "Magdeburg"]
[Date "2024.07.07"]
[Round "7.47"]
[White "Eberhardt, Michael"]
[Black "Roth, Heinz-Georg"]
[Result "1-0"]
[WhiteElo "1801"]
[BlackElo "1830"]
[PlyCount "49"]
[EventDate "2024.??.??"]
[WhiteTeam "SC Agon Neumünster"]
[BlackTeam "SC Lindau"]

1. e4 e5 2. Bc4 Nf6 3. d4 exd4 4. Nf3 Be7 5. e5 Ne4 6. O-O d5 7. exd6 Nxd6 8.
Bb3 c5 9. c3 c4 10. Ba4+ b5 11. Bc2 d3 12. Bxd3 cxd3 13. Qxd3 Bf5 14. Qe2 O-O
15. Nd4 Bg6 16. Bf4 a6 17. Nd2 Re8 18. Qf3 Nd7 19. Rfe1 Nc5 20. Nc6 Be4 21.
Nxe4 Qd7 22. Nxe7+ Qxe7 23. Bxd6 Qe6 24. Bxc5 Rad8 25. Nf6+ 1-0

[Event "32. Offene Senioren-LEM Sachsen-Anh. 65+"]
[Site "Magdeburg"]
[Date "2024.07.07"]
[Round "7.48"]
[White "Rausch, Erik"]
[Black "Bertram, Thomas"]
[Result "1-0"]
[WhiteElo "1827"]
[BlackElo "1725"]
[PlyCount "49"]
[EventDate "2024.??.??"]
[WhiteTeam "SC Kreuzberg"]
[BlackTeam "SV 1919 Grimma"]

1. e4 e5 2. Nf3 Nc6 3. d4 d6 4. d5 Nce7 5. c4 Nf6 6. Nc3 g6 7. Bd3 Bg7 8. O-O
O-O 9. b4 Nxe4 10. Bxe4 f5 11. Bc2 e4 12. Nd4 c5 13. bxc5 dxc5 14. Nde2 b5 15.
cxb5 Nxd5 16. Bb2 Be6 17. Bb3 Rf7 18. Rb1 c4 19. Bc2 e3 20. Nxd5 exf2+ 21. Rxf2
Bxb2 22. Rxb2 Bxd5 23. Nc3 Qf6 24. Qxd5 Rd8 25. Qxc4 1-0

[Event "32. Offene Senioren-LEM Sachsen-Anh. 65+"]
[Site "Magdeburg"]
[Date "2024.07.07"]
[Round "7.49"]
[White "Kramell, Ralph F. K"]
[Black "Stratmann, Alois"]
[Result "1/2-1/2"]
[WhiteElo "1824"]
[BlackElo "1705"]
[PlyCount "54"]
[EventDate "2024.??.??"]
[WhiteTeam "SG 2011 Sennewitz"]
[BlackTeam "Schachverein Ahlen 1954"]

1. Nc3 Nf6 2. e4 d6 3. Bc4 Nbd7 4. a4 a6 5. Nf3 h6 6. d4 Nb6 7. Bb3 Bg4 8. h3
Bh5 9. O-O Nbd7 10. Qd3 e5 11. Ba2 Be7 12. Ne2 exd4 13. Nfxd4 Ne5 14. Qe3 Bg6
15. Ng3 Nfd7 16. f4 Nc6 17. Nxc6 bxc6 18. f5 Bh7 19. Qc3 Ne5 20. Bf4 O-O 21.
Bxe5 dxe5 22. Rad1 Qe8 23. Bc4 Bd6 24. b3 Kh8 25. Kh1 a5 26. Qf3 f6 27. Qg4 Qe7
1/2-1/2

[Event "32. Offene Senioren-LEM Sachsen-Anh. 65+"]
[Site "Magdeburg"]
[Date "2024.07.07"]
[Round "7.50"]
[White "Geibel, Henning"]
[Black "Zimmer, Franz"]
[Result "1-0"]
[WhiteElo "1601"]
[BlackElo "1766"]
[PlyCount "40"]
[EventDate "2024.??.??"]
[WhiteTeam "Ahrensburger TSV"]
[BlackTeam "SG Trier 1877"]

1. e4 c6 2. Nf3 d5 3. e5 e6 4. d4 c5 5. c3 Nc6 6. Bg5 Be7 7. Bxe7 Qxe7 8. Bb5
a6 9. Bxc6+ bxc6 10. Qa4 Bb7 11. Qa5 cxd4 12. Nxd4 Qd7 13. Nd2 Ne7 14. N2b3 O-O
15. Qb6 Rab8 16. Nc5 Qc8 17. O-O Ba8 18. Qxa6 Qxa6 19. Nxa6 Rxb2 20. Nc5 Rb5
1-0

[Event "32. Offene Senioren-LEM Sachsen-Anh. 65+"]
[Site "Magdeburg"]
[Date "2024.07.07"]
[Round "7.51"]
[White "Peter, Volkhard"]
[Black "Freitag, Ingo"]
[Result "1/2-1/2"]
[WhiteElo "1800"]
[BlackElo "1810"]
[PlyCount "82"]
[EventDate "2024.??.??"]
[WhiteTeam "SV Einheit Schwerin"]
[BlackTeam "VfL Kalbe/Milde"]

1. e4 e5 2. f4 d6 3. Bc4 Nf6 4. Nc3 Nc6 5. Nf3 Be7 6. O-O O-O 7. fxe5 dxe5 8.
h3 Re8 9. Kh1 h6 10. a3 Bd6 11. d3 Be6 12. Bxe6 Rxe6 13. Nd5 Be7 14. c4 Bd6 15.
Be3 Re8 16. Nxf6+ Qxf6 17. Ng5 Qd8 18. Nxf7 Qd7 19. Qh5 Rf8 20. Nxd6 cxd6 21.
Qg6 Ne7 22. Qg3 Kh8 23. Rad1 b6 24. Rf2 Qe6 25. Rdf1 Kg8 26. b4 Qg6 27. Qh4 Qe6
28. g4 Ng6 29. Qg3 Rxf2 30. Rxf2 Rf8 31. Kg2 Qe7 32. Rxf8+ Qxf8 33. Qf2 Qxf2+
34. Kxf2 Nf4 35. Bxf4 exf4 36. d4 g5 37. c5 bxc5 38. bxc5 dxc5 39. dxc5 Kf8 40.
a4 Ke8 41. c6 Kd8 1/2-1/2

[Event "32. Offene Senioren-LEM Sachsen-Anh. 65+"]
[Site "Magdeburg"]
[Date "2024.07.07"]
[Round "7.52"]
[White "Girod, Gudrun"]
[Black "Schiefer, Jörg"]
[Result "1/2-1/2"]
[WhiteElo "1649"]
[BlackElo "1655"]
[PlyCount "35"]
[EventDate "2024.??.??"]
[WhiteTeam "Hannover 96"]
[BlackTeam "USC Magdeburg"]

1. d4 g6 2. e3 Bg7 3. Nf3 Nf6 4. Be2 O-O 5. O-O d5 6. h3 Bf5 7. Bd3 Be4 8. Be2
Nbd7 9. Nbd2 Rc8 10. c4 c5 11. b3 Qb6 12. Bb2 Rfd8 13. Rc1 a5 14. dxc5 Nxc5 15.
Bd4 Bxf3 16. Nxf3 Nfe4 17. Bxc5 Qxc5 18. Qc2 1/2-1/2

[Event "32. Offene Senioren-LEM Sachsen-Anh. 65+"]
[Site "Magdeburg"]
[Date "2024.07.07"]
[Round "7.53"]
[White "Rosenkranz, Eveline"]
[Black "Kühne, Jürgen"]
[Result "0-1"]
[WhiteElo "676"]
[BlackElo "1725"]
[PlyCount "70"]
[EventDate "2024.??.??"]
[WhiteTeam "Haldensleber Sportclub"]
[BlackTeam "SV Irxleben 1919"]

1. d4 f5 2. Nf3 e6 3. Nc3 Nf6 4. e3 Bb4 5. Bd2 O-O 6. a3 Be7 7. Bc4 d5 8. Bd3
Nbd7 9. O-O c5 10. a4 c4 11. Be2 a6 12. Ng5 Nb8 13. f4 h6 14. Nf3 Nc6 15. Qe1
Bd7 16. Qh4 Ne4 17. Qe1 Nxd2 18. Nxd2 Bb4 19. Nxd5 Bxd2 20. Qxd2 exd5 21. Bf3
Be6 22. b3 Qh4 23. Qe2 cxb3 24. cxb3 Qd8 25. Rfd1 Na5 26. b4 Nc4 27. e4 fxe4
28. Bh5 Nd6 29. Qf2 Rc8 30. Rf1 Qf6 31. Qg3 Qxd4+ 32. Rf2 Qxa1+ 33. Rf1 Qd4+
34. Kh1 Qd3 35. Qg6 Qxf1# 0-1

[Event "32. Offene Senioren-LEM Sachsen-Anh. 65+"]
[Site "Magdeburg"]
[Date "2024.07.07"]
[Round "7.54"]
[White "Ludwig, Richard"]
[Black "Gieseke, Karl-Heinz"]
[Result "1-0"]
[WhiteElo "1698"]
[BlackElo "1696"]
[PlyCount "109"]
[EventDate "2024.??.??"]
[WhiteTeam "SV Irxleben 1919"]
[BlackTeam "SG Schöningen JFZ-I"]

1. e4 e5 2. Nf3 Nc6 3. Bc4 Bc5 4. O-O Nf6 5. Re1 O-O 6. c3 d6 7. h3 a6 8. d3 b5
9. Bb3 h6 10. Nbd2 Nh5 11. Nf1 Nf4 12. Bxf4 exf4 13. d4 Bb6 14. N1d2 Na5 15.
Bd5 c6 16. Bb3 Nxb3 17. Nxb3 Qc7 18. Qd2 g5 19. Nh2 Qe7 20. Qe2 f6 21. Ng4 Qh7
22. e5 fxe5 23. dxe5 d5 24. Nf6+ Rxf6 25. exf6 Bf5 26. Qe7 Qf7 27. Qxf7+ Kxf7
28. Nd4 Kxf6 29. Nxc6 Be4 30. Nd4 Rc8 31. Rac1 Bd3 32. Kh2 Bxd4 33. cxd4 Rc2
34. Rxc2 Bxc2 35. Rc1 Be4 36. Rc6+ Kf5 37. Rxh6 f3 38. gxf3 Bxf3 39. Kg3 g4 40.
hxg4+ Bxg4 41. Rxa6 Be2 42. Rb6 Ke4 43. f4 Kxd4 44. f5 Kc5 45. Rb8 d4 46. Kf2
d3 47. Ke1 Bh5 48. Kd2 Be2 49. f6 b4 50. f7 Kc4 51. b3+ Kc5 52. f8=Q+ Kc6 53.
Qf6+ Kc7 54. Rh8 Kb7 55. Rh7+ 1-0